LEADER 00971nam 2200325 450 001 990005820160203316 005 20130322151743.0 010 $a978-88-348-3682-8 035 $a000582016 035 $aUSA01000582016 035 $a(ALEPH)000582016USA01 035 $a000582016 100 $a20130322d2012----km-y0itay50------ba 101 $aita 102 $aIT 105 $a||||||||001yy 200 1 $aLegami in crisi$ei rimedi della giurisprudenza italiana tra otto e novecento$fMarianna Pignata 210 $aTorino$cGiappichelli$d2012 215 $a149 p.$d23 cm 606 0 $aMatrimonio$xGiurisprudenza$xDiritto comparato$z1860-1927$2BNCF 676 $a346.015 700 1$aPIGNATA,$bMarianna$0506710 801 0$aIT$bsalbc$gISBD 912 $a990005820160203316 951 $aXXV.1.L. 549$b76066 G.$cXXV.1.L.$d00314052 959 $aBK 969 $aGIU 979 $aCHIARA$b90$c20130322$lUSA01$h1517 996 $aLegami in crisi$91089320 997 $aUNISA LEADER 02548oam 2200661I 450 001 9910450314503321 005 20200520144314.0 010 $a1-134-32085-X 010 $a1-280-09632-2 010 $a0-203-40101-8 024 7 $a10.4324/9780203401019 035 $a(CKB)1000000000248916 035 $a(EBL)201211 035 $a(OCoLC)475914006 035 $a(SSID)ssj0000292965 035 $a(PQKBManifestationID)11229732 035 $a(PQKBTitleCode)TC0000292965 035 $a(PQKBWorkID)10270235 035 $a(PQKB)10305582 035 $a(MiAaPQ)EBC201211 035 $a(Au-PeEL)EBL201211 035 $a(CaPaEBR)ebr10094696 035 $a(CaONFJC)MIL9632 035 $a(OCoLC)437062839 035 $a(OCoLC)57298102 035 $a(EXLCZ)991000000000248916 100 $a20180331d2005 uy 0 101 0 $aeng 135 $aur|n|---||||| 181 $ctxt 182 $cc 183 $acr 200 10$aCreative writing and the new humanities /$fPaul Dawson 210 1$aLondon ;$aNew York :$cRoutledge,$d2005. 215 $a1 online resource (265 p.) 300 $aDescription based upon print version of record. 311 $a0-415-33220-6 311 $a0-415-33221-4 320 $aIncludes bibliographical references (p. [218]-244) and index. 327 $aBook Cover; Title; Contents; Acknowledgements; Introduction: building a garret in the ivory tower; From imagination to creativity; Disciplinary origins; Workshop poetics; Creative Writing in Australia; Negotiating Theory; What is a literary intellectual?; Conclusion: towards a sociological poetics; Notes; Bibliography; Index; 330 $aThis polemic account provides a fresh perspective on the importance of Creative Writing to the emergence of the 'new humanities' and makes a major contribution to current debates about the role of the writer as public intellectual. 606 $aEnglish language$xRhetoric$xStudy and teaching 606 $aCreative writing (Higher education) 606 $aHumanities$xStudy and teaching 608 $aElectronic books. 615 0$aEnglish language$xRhetoric$xStudy and teaching. 615 0$aCreative writing (Higher education) 615 0$aHumanities$xStudy and teaching. 676 $a808/.042071 686 $a18.03$2bcl 700 $aDawson$b Paul$f1972,$0861696 801 0$bMiAaPQ 801 1$bMiAaPQ 801 2$bMiAaPQ 906 $aBOOK 912 $a9910450314503321 996 $aCreative writing and the new humanities$91922814 997 $aUNINA LEADER 01251oam 2200373z- 450 001 996212715903316 005 20040624144227.0 035 $a(OPTICAL)78&yr=1999 035 $a(OPTICAL)82&yr=1999 035 $a(OPTICAL)33&yr=1999 035 $a(OPTICAL)6&yr=1999 035 $a(OPTICAL)8&yr=1999 035 $a(CKB)111085500353390 035 $a(EXLCZ)99111085500353390 100 $a20210825c1999uuuu -u- - 101 0 $aeng 200 00$aNonlinear guided waves and their applications $e1-3 September 1999, Dijon, France /$fsponsored by Optical Society of America 210 $cThe Society$aWashington, DC 311 $a1-55752-584-6 517 $aLasers and Electro-Optics 606 $aOptoelectronic devices$xCongresses 606 $aOptical wave guides$xCongresses 606 $aNonlinear optics$xCongresses 606 $aSolitons$xCongresses 615 0$aOptoelectronic devices$xCongresses. 615 0$aOptical wave guides$xCongresses. 615 0$aNonlinear optics$xCongresses. 615 0$aSolitons$xCongresses. 676 $a621.36/9 712 02$aOptical Society of America. 906 $aBOOK 912 $a996212715903316 996 $aNonlinear guided waves and their applications$92860677 997 $aUNISA